Statistics for Taylor Swift's Taylor Swift Lyric Challenge

Click here to take the quiz!

General Stats

  • This quiz has been taken 176 times
    (161 since last reset)
  • The average score is 15 of 38

Answer Stats

HintAnswer% Correct
I hate that stupid old pickup truckYou never let me drive
87%
As far as I'm concerned you'reJust another picture to burn
87%
When you think Tim McGrawI hope you think my favourite song
79%
When you think Tim McGrawI hope you think of me
76%
He's the song in the car I keep singingDon't know why I do
75%
You're a redneck heartbreakWho's really bad at lying
72%
So watch me strike a matchOn all my wasted time
71%
When you think happinessI hope you think that little black dress
69%
Think of my head on your chestAnd my old faded blue jeans
58%
Oh, I'm just a girlTrying to find a place in this world
54%
The one we danced to all night longThe moon like a spotlight on the lake
51%
He's the reason for the teardrops on my guitarThe only thing that keeps me wishing on a wishing star
49%
Our song is the slamming screen doorSneaking out late, tapping on your window
49%
When we're on the phone and you talk real slowCause it's late and your mama don't know
47%
Oh, but if it don'tStay beautiful
47%
And when I got home... 'fore I said amenAsking God if he could play it again
45%
And you're tied together with a smileBut you're coming undone
41%
You should've known that word, with what you did with herGet back to me
41%
And now that I'm sitting here thinking it throughI've never been anywhere cold as you
38%
And don't you know you're really gonna be someoneAsk anyone
38%
And I should've been there in the back of your mindI shouldn't be asking myself "Why?"
36%
You shouldn't be begging for forgiveness at my feetYou should've said "No", baby, and you might still have me
34%
You should've said "No", you should've gone homeYou should've thought twice before you let it all go
34%
I'll be strong, I'll be wrongOh but life goes on
32%
You're beautifulEvery little piece love
30%
I can still see you, this ain't the best viewOn the outside looking in
29%
I'm alone, on my ownAnd that's all I know
28%
Hold on baby, you're losing itThe water's high, you're jumping into it
27%
I've been a lot of lonely placesI've never been on the outside
27%
So how can I ever try to be betterNobody ever lets me in
25%
She said, I was seven and you were nineI looked at you like the stars that shined
19%
And letting go... and no one knowsThat you cry but you don't tell anyone that you might not be the golden one
17%
In the sky, the pretty lightsAnd our daddies used to joke about the two of us
16%
Oh, what a shame, what a rainy ending given to a perfect dayJust walk away, no use defending words that you will never say
10%
Our song is the way you laughThe first date: "Man, I didn't kiss her, when I should have"
9%
Growing up and falling in love and our mamas smiledAnd rolled their eyes and said oh my my my my
3%
And when you find everything you looked forI hope your love will lead you back to my door
1%
PICTURE TO BURNTaylor Swift
0%

Score Distribution

Percentile by Number Answered

Percent of People with Each Score

Your Score History

You have not taken this quiz since the last reset